<?xml version="1.0" encoding="UTF-8"?>
<collection xmlns="http://www.loc.gov/MARC21/slim">
 <record>
  <leader>00581pamaa2200181   4500</leader>
  <controlfield tag="001">0000012681</controlfield>
  <controlfield tag="005">20150907090000.0</controlfield>
  <datafield tag="020" ind1="0" ind2="0">
   <subfield code="a">0134358279 </subfield>
  </datafield>
  <datafield tag="082" ind1=" " ind2=" ">
   <subfield code="a">658.302 ROB</subfield>
  </datafield>
  <datafield tag="090" ind1="0" ind2="0">
   <subfield code="a">HF5549.12 </subfield>
   <subfield code="b">ROB 1996</subfield>
  </datafield>
  <datafield tag="100" ind1="1" ind2="0">
   <subfield code="a">Robbins, Stephen P. </subfield>
  </datafield>
  <datafield tag="245" ind1="1" ind2="0">
   <subfield code="a">Training in inter-personal skills : </subfield>
   <subfield code="b">TIPS for managing people at work  </subfield>
   <subfield code="c">Stephen P. Robbins and Phillip L. Hunsaker.</subfield>
  </datafield>
  <datafield tag="250" ind1="0" ind2="0">
   <subfield code="a">2nd ed.</subfield>
  </datafield>
  <datafield tag="260" ind1="0" ind2="0">
   <subfield code="a">New Jersey: </subfield>
   <subfield code="b">Prentice Hall, </subfield>
   <subfield code="c">1996.</subfield>
  </datafield>
  <datafield tag="300" ind1=" " ind2=" ">
   <subfield code="a">vi, 305p.: </subfield>
   <subfield code="b">24cm.</subfield>
  </datafield>
  <datafield tag="650" ind1="0" ind2="0">
   <subfield code="a">Interpersonal communication </subfield>
  </datafield>
  <datafield tag="650" ind1="0" ind2="0">
   <subfield code="a">Supervision of employees </subfield>
  </datafield>
  <datafield tag="700" ind1="1" ind2="1">
   <subfield code="a">Hunsaker, </subfield>
   <subfield code="h">Phillip L. </subfield>
  </datafield>
 </record>
</collection>
